000 00821cam a22001934a 4500
005 20250605164140.0
008 250528s ||||||||||||||||||||||||d
035 _a18938
020 _a521221102
040 _aGR-AtMCL
_bgre
_dGR-AtMCL
_eAACR2
245 1 _aStudy Skills in English / Student's Book
260 _bCambridge University Press,
_c1996
300 _a218
520 _aA complete course for overseas students attending, or about to attend, colleges or universities in Britain. Organizing your Studies, Improving your Reading, Taking Notes, Taking Part in Seminars, Writing an Essay, Research and Using the Library, Organization, Presentation, Assessment and Study Techniques and Examinations, Appendix.
700 1 _aWallace Michael J
_95223
942 _cBK
999 _c4236
_d4236